[Event "Landesklasse Ost 2025/26"]
[Site "?"]
[Date "2026.03.01"]
[Round "7.7"]
[White "Vater, Rainer"]
[Black "Grüner, Nico"]
[Result "1-0"]
[WhiteElo "1848"]
[BlackElo "1627"]
[WhiteFideId "-1"]
[BlackFideId "-1"]
[PlyCount "53"]
[GameId "560273245364"]
[EventDate "2025.09.14"]
[EventType "team-tourn"]
[EventRounds "9"]
[SourceTitle "Thueringer Schachbund"]
[Source "ThSB"]
[SourceDate "2025.09.14"]
[SourceVersion "1"]
[SourceVersionDate "2025.09.14"]
[SourceQuality "1"]
[WhiteTeam "SV Schott Jena 2"]
[BlackTeam "SC Turm Erfurt"]

{[%evp 0,53,13,-7,25,15,19,-3,-15,-14,5,-13,-4,5,-10,12,12,7,5,21,21,17,23,28,35,31,45,34,86,60,100,29,43,20,43,9,43,35,65,-8,100,72,187,238,238,205,138,220,805,972,29989,29990,29991,29992,29993,29994]} 1. f4 c5 2. Nf3 Nc6 3. b3 d5 4. e3 Nf6 5. Bb2 e6 6. Be2 Be7 7. O-O O-O 8. Ne5 Nxe5 9. fxe5 Nd7 10. d4 b6 11. Bd3 Bb7 12. Qg4 Rc8 13. Nd2 a6 14. Rf3 b5 15. c3 g6 16. Raf1 c4 17. Bb1 cxb3 18. axb3 Nb6 19. h4 Qd7 20. h5 g5 21. Rf6 Bxf6 22. Rxf6 Kh8 23. Bxh7 Rg8 24. Bxg8 Rxg8 25. Rh6+ Kg7 26. Qxg5+ Kf8 27. Ba3+ 1-0

[Event "Landesklasse Ost 2025/26"]
[Site "?"]
[Date "2026.03.01"]
[Round "7.8"]
[White "Waldhelm, Bernward"]
[Black "Hirsch, Tilo"]
[Result "1-0"]
[WhiteElo "1628"]
[BlackElo "1682"]
[WhiteFideId "-1"]
[BlackFideId "-1"]
[PlyCount "71"]
[GameId "560273245346"]
[EventDate "2025.09.14"]
[EventType "team-tourn"]
[EventRounds "9"]
[SourceTitle "Thueringer Schachbund"]
[Source "ThSB"]
[SourceDate "2025.09.14"]
[SourceVersion "1"]
[SourceVersionDate "2025.09.14"]
[SourceQuality "1"]
[WhiteTeam "SC Turm Erfurt"]
[BlackTeam "SV Schott Jena 2"]

{[%evp 0,71,58,32,60,72,69,3,61,61,94,86,75,82,82,49,118,132,141,127,127,126,126,76,86,126,126,121,121,118,158,83,96,73,73,54,30,66,63,73,73,73,116,124,130,105,133,122,140,152,152,92,100,79,210,172,191,154,154,163,163,212,220,186,239,217,308,397,839,1317,1298,1407,1439,1700]} 1. e4 d6 2. d4 Nf6 3. Bd3 g6 4. Nf3 c5 5. dxc5 dxc5 6. e5 Nd5 7. Be4 e6 8. c4 Nb6 9. Qxd8+ Kxd8 10. Bg5+ Be7 11. Bxe7+ Kxe7 12. b3 Nc6 13. Bxc6 bxc6 14. Nc3 Rd8 15. Rd1 Rxd1+ 16. Kxd1 a5 17. Ng5 a4 18. Kc2 h6 19. Nge4 axb3+ 20. axb3 Ra5 21. f4 Nd7 22. Rd1 Ba6 23. Kb2 Bc8 24. Nd6 Ra8 25. Na4 Rb8 26. Kc3 f6 27. Nxc8+ Rxc8 28. Rxd7+ Kxd7 29. Nb6+ Kd8 30. Nxc8 Kxc8 31. exf6 Kd7 32. Kd3 Ke8 33. Ke4 Kf7 34. Ke5 g5 35. fxg5 hxg5 36. g4 1-0

[Event "Landesklasse Ost 2025/26"]
[Site "?"]
[Date "2026.03.01"]
[Round "7.1"]
[White "Besancon, Pascal"]
[Black "Greiner, Timo"]
[Result "1/2-1/2"]
[WhiteElo "1930"]
[BlackElo "2027"]
[WhiteFideId "-1"]
[BlackFideId "-1"]
[PlyCount "28"]
[GameId "560273274559"]
[EventDate "2025.09.14"]
[EventType "team-tourn"]
[EventRounds "9"]
[SourceTitle "Thueringer Schachbund"]
[Source "ThSB"]
[SourceDate "2025.09.14"]
[SourceVersion "1"]
[SourceVersionDate "2025.09.14"]
[SourceQuality "1"]
[WhiteTeam "Schachklub Weida"]
[BlackTeam "SV Thuringia Königsee"]

1. e4 c5 2. Nc3 Nc6 3. g3 g6 4. Bg2 Bg7 5. Nge2 d6 6. d3 e6 7. Be3 Nd4 8. O-O Ne7 9. Qd2 O-O 10. Nd1 Rb8 11. c3 Nxe2+ 12. Qxe2 b5 13. f4 b4 14. g4 bxc3 1/2-1/2

[Event "Landesklasse Ost 2025/26"]
[Site "?"]
[Date "2026.03.01"]
[Round "7.2"]
[White "Kreutzmann, Henry"]
[Black "Schlierf, Andre"]
[Result "1/2-1/2"]
[WhiteElo "1775"]
[BlackElo "1781"]
[WhiteFideId "-1"]
[BlackFideId "-1"]
[PlyCount "47"]
[GameId "560273274621"]
[EventDate "2025.09.14"]
[EventType "team-tourn"]
[EventRounds "9"]
[SourceTitle "Thueringer Schachbund"]
[Source "ThSB"]
[SourceDate "2025.09.14"]
[SourceVersion "1"]
[SourceVersionDate "2025.09.14"]
[SourceQuality "1"]
[WhiteTeam "SV Thuringia Königsee"]
[BlackTeam "Schachklub Weida"]

{[%evp 0,47,32,-19,66,21,32,44,56,66,71,32,45,35,71,8,-1,34,13,44,44,44,39,4,4,-34,2,-29,6,-2,20,-146,-43,-100,-18,-192,-7,-7,49,23,72,65,71,-8,71,71,71,-8,72,72]} 1. c4 f5 2. Nf3 Nf6 3. Nc3 d6 4. g3 e5 5. Bg2 c6 6. O-O Be7 7. e3 O-O 8. b3 Na6 9. Bb2 Qe8 10. a3 Qh5 11. Ne1 Qh6 12. f4 Be6 13. Nf3 e4 14. Nd4 Bd7 15. b4 c5 16. Nc2 Nc7 17. d3 exd3 18. Qxd3 Rab8 19. b5 Ng4 20. h3 Nf6 21. Kh2 Ng4+ 22. Kg1 Nf6 23. Kh2 Ng4+ 24. Kg1 1/2-1/2

[Event "Landesklasse Ost 2025/26"]
[Site "?"]
[Date "2026.03.01"]
[Round "7.3"]
[White "Schumann, Robert"]
[Black "Häusler, Willi"]
[Result "1-0"]
[WhiteElo "1836"]
[BlackElo "1725"]
[WhiteFideId "-1"]
[BlackFideId "-1"]
[PlyCount "63"]
[GameId "560273274622"]
[EventDate "2025.09.14"]
[EventType "team-tourn"]
[EventRounds "9"]
[SourceTitle "Thueringer Schachbund"]
[Source "ThSB"]
[SourceDate "2025.09.14"]
[SourceVersion "1"]
[SourceVersionDate "2025.09.14"]
[SourceQuality "1"]
[WhiteTeam "Schachklub Weida"]
[BlackTeam "SV Thuringia Königsee"]

{[%evp 0,63,32,15,79,32,44,44,52,24,84,36,103,101,125,99,99,51,75,59,85,88,104,56,71,61,101,87,134,140,158,117,105,73,217,166,455,222,330,330,330,309,323,336,827,795,816,810,990,990,998,990,1028,993,1089,1103,1103,948,1002,902,1096,908,1091,1021,1455,1470]} 1. d4 f5 2. c4 Nf6 3. Nc3 e6 4. Nf3 d5 5. Bf4 c6 6. e3 Be7 7. Ne5 O-O 8. h4 Bb4 9. Qb3 Qa5 10. Bd3 Ne4 11. Bxe4 fxe4 12. O-O Be7 13. cxd5 exd5 14. Nxe4 Bxh4 15. Nc5 Na6 16. Nxb7 Qd2 17. Nf3 Qe2 18. Na5 g5 19. Nxc6 Be6 20. Nxg5 Bxg5 21. Bxg5 Rf5 22. Ne7+ Kf7 23. Nxf5 Bxf5 24. Qxd5+ Kg6 25. Qxa8 Kxg5 26. Qxa7 Bd3 27. Qe7+ Kh5 28. d5 Qg4 29. Qe5+ Kg6 30. f3 Qd7 31. Rfc1 Bf5 32. Rc6+ 1-0

[Event "Landesklasse Ost 2025/26"]
[Site "?"]
[Date "2026.03.01"]
[Round "7.4"]
[White "Möller, Frank"]
[Black "Heine, Mario"]
[Result "1/2-1/2"]
[WhiteElo "1801"]
[BlackElo "1716"]
[WhiteFideId "-1"]
[BlackFideId "-1"]
[PlyCount "89"]
[GameId "560273274636"]
[EventDate "2025.09.14"]
[EventType "team-tourn"]
[EventRounds "9"]
[SourceTitle "Thueringer Schachbund"]
[Source "ThSB"]
[SourceDate "2025.09.14"]
[SourceVersion "1"]
[SourceVersionDate "2025.09.14"]
[SourceQuality "1"]
[WhiteTeam "SV Thuringia Königsee"]
[BlackTeam "Schachklub Weida"]

{[%evp 0,89,32,-30,13,13,3,-16,-20,-62,18,11,35,34,55,60,51,58,76,73,84,62,79,73,80,49,77,54,54,40,100,75,135,114,146,68,103,64,73,48,56,67,48,-4,68,17,39,41,48,-19,-23,-42,-44,-47,-37,-56,-47,-57,-1,-17,-19,-19,-19,-27,-20,-39,-16,-21,-14,-37,-21,-40,-17,-43,-36,-54,-3,-19,-2,-17,60,4,22,5,-2,-8,-5,-8,-1,-4,-9,-7]} 1. c4 d6 2. Nc3 Nf6 3. g3 e5 4. Bg2 c6 5. d4 Nbd7 6. Nf3 Be7 7. O-O O-O 8. b3 Qc7 9. Bb2 Re8 10. Qc2 Nf8 11. dxe5 dxe5 12. Ne4 Ng6 13. Rad1 Nxe4 14. Qxe4 Bf6 15. Rd2 Nf8 16. Rfd1 g6 17. Qc2 Bf5 18. Qc1 Bg7 19. e3 f6 20. Ba3 Rad8 21. Ne1 Qc8 22. Nc2 Rxd2 23. Rxd2 Bh3 24. Bxf8 Bxf8 25. Qd1 Be6 26. h4 Be7 27. Kh2 Qc7 28. Bh3 Bxh3 29. Kxh3 Rd8 30. Rxd8+ Bxd8 31. e4 Be7 32. Ne3 Kf7 33. Qd2 Bc5 34. Nc2 a5 35. f3 b6 36. g4 Qc8 37. Kg3 Qe6 38. Qd8 Kg7 39. Ne1 h6 40. Nd3 Qd6 41. Qxd6 Bxd6 42. Kf2 Kf7 43. Ke3 Ke6 44. Kd2 Be7 45. Ke3 1/2-1/2

[Event "Landesklasse Ost 2025/26"]
[Site "?"]
[Date "2026.03.01"]
[Round "7.5"]
[White "Ortlepp, Jeremy"]
[Black "Steiger, Bernd"]
[Result "0-1"]
[WhiteElo "1314"]
[BlackElo "1777"]
[WhiteFideId "-1"]
[BlackFideId "-1"]
[PlyCount "54"]
[GameId "560273274637"]
[EventDate "2025.09.14"]
[EventType "team-tourn"]
[EventRounds "9"]
[SourceTitle "Thueringer Schachbund"]
[Source "ThSB"]
[SourceDate "2025.09.14"]
[SourceVersion "1"]
[SourceVersionDate "2025.09.14"]
[SourceQuality "1"]
[WhiteTeam "Schachklub Weida"]
[BlackTeam "SV Thuringia Königsee"]

{[%evp 0,54,22,11,48,48,42,15,83,-9,21,-46,-24,-34,-31,-29,4,-7,-6,-12,2,2,36,0,32,-14,42,10,10,7,10,-68,14,-51,-72,-72,-67,-146,-293,-306,-280,-309,-345,-387,-387,-387,-357,-350,-315,-315,-312,-320,-270,-320,-328,-713,-713]} 1. e4 e5 2. Nf3 Nc6 3. Bc4 Be7 4. c3 Nf6 5. d3 d6 6. h3 O-O 7. Be3 a6 8. Bb3 h6 9. Nbd2 Na5 10. Bc2 c5 11. a3 Nc6 12. b4 cxb4 13. axb4 Be6 14. Bb3 d5 15. exd5 Bxd5 16. Bxd5 Nxd5 17. Qc2 Rc8 18. Bc5 Ncxb4 19. cxb4 Nxb4 20. Qb3 Nxd3+ 21. Ke2 Nf4+ 22. Kf1 Bxc5 23. Ne4 Bd4 24. Rd1 Qd5 25. Qxd5 Nxd5 26. Kg1 Nc3 27. Nd6 Nxd1 0-1

[Event "Landesklasse Ost 2025/26"]
[Site "?"]
[Date "2026.03.01"]
[Round "7.7"]
[White "Heine, Robert"]
[Black "Margraf, Moritz"]
[Result "1-0"]
[WhiteElo "1561"]
[BlackElo "1525"]
[WhiteFideId "-1"]
[BlackFideId "-1"]
[PlyCount "41"]
[GameId "560273274639"]
[EventDate "2025.09.14"]
[EventType "team-tourn"]
[EventRounds "9"]
[SourceTitle "Thueringer Schachbund"]
[Source "ThSB"]
[SourceDate "2025.09.14"]
[SourceVersion "1"]
[SourceVersionDate "2025.09.14"]
[SourceQuality "1"]
[WhiteTeam "Schachklub Weida"]
[BlackTeam "SV Thuringia Königsee"]

{[%evp 0,41,32,25,25,25,28,26,26,5,44,-8,16,4,3,5,19,-8,1,1,1,-13,-13,-37,-53,-61,-35,-35,-35,-76,-54,-60,-24,-332,-88,-40,-11,-6,1,29,34,34,500,497]} 1. d4 d5 2. Nf3 Nf6 3. e3 e6 4. Bd3 Bd6 5. Nbd2 Nbd7 6. c3 c6 7. O-O e5 8. dxe5 Nxe5 9. Nxe5 Bxe5 10. h3 O-O 11. f4 Bd6 12. e4 dxe4 13. Nxe4 Nxe4 14. Bxe4 Re8 15. Qc2 h6 16. f5 Qe7 17. Bd3 Qe5 18. Bf4 Qc5+ 19. Kh1 Bxf4 20. Rxf4 Qe5 21. Re4 1-0

[Event "Landesklasse Ost 2025/26"]
[Site "?"]
[Date "2026.03.01"]
[Round "7.8"]
[White "Jahn, Rene"]
[Black "Lehmann, Volkhard"]
[Result "1/2-1/2"]
[WhiteElo "1238"]
[BlackElo "1546"]
[WhiteFideId "-1"]
[BlackFideId "-1"]
[PlyCount "62"]
[GameId "560273274652"]
[EventDate "2025.09.14"]
[EventType "team-tourn"]
[EventRounds "9"]
[SourceTitle "Thueringer Schachbund"]
[Source "ThSB"]
[SourceDate "2025.09.14"]
[SourceVersion "1"]
[SourceVersionDate "2025.09.14"]
[SourceQuality "1"]
[WhiteTeam "SV Thuringia Königsee"]
[BlackTeam "Schachklub Weida"]

{[%evp 0,62,25,25,26,-19,22,20,46,32,72,8,-8,0,-17,-27,-9,-32,14,17,29,34,34,66,66,44,46,67,87,56,61,53,40,44,53,52,34,54,77,46,76,51,84,38,58,29,90,60,85,65,91,58,43,27,50,35,43,27,160,155,155,155,155,155,155]} 1. d4 d5 2. c4 c6 3. Nf3 Bf5 4. Nc3 e6 5. Bg5 Be7 6. Bxe7 Nxe7 7. e3 Nd7 8. c5 Nf6 9. Bd3 Ne4 10. Bxe4 Bxe4 11. Nxe4 dxe4 12. Nd2 f5 13. Qb3 Qd7 14. O-O O-O 15. Nc4 Nd5 16. Ne5 Qc7 17. f3 exf3 18. Rxf3 Rf6 19. Raf1 Raf8 20. a3 Qe7 21. Qd1 g5 22. h3 Kh8 23. Qd2 Qg7 24. b4 a6 25. g4 f4 26. e4 Ne3 27. R1f2 Rd8 28. Qd3 Rh6 29. Rxe3 fxe3 30. Nf7+ Kg8 31. Nxh6+ Qxh6 1/2-1/2

[Event "Thüringenliga 2025/26"]
[Site "?"]
[Date "2026.03.29"]
[Round "8.1"]
[White "Meitzner, Jonathan Franz"]
[Black "Zehnter, Sebastian"]
[Result "0-1"]
[WhiteElo "1877"]
[BlackElo "2284"]
[WhiteFideId "-1"]
[BlackFideId "-1"]
[PlyCount "60"]
[GameId "2296309794955421"]
[EventDate "2025.09.14"]
[EventType "team-tourn"]
[EventRounds "9"]
[SourceTitle "Thueringer Schachbund"]
[Source "ThSB"]
[SourceDate "2025.09.14"]
[SourceVersion "1"]
[SourceVersionDate "2025.09.14"]
[SourceQuality "1"]
[WhiteTeam "SC Rochade Leinefelde"]
[BlackTeam "Ilmenauer SV"]

{[%evp 0,60,14,22,22,9,9,-3,38,25,24,16,8,-16,1,-8,-3,-14,-12,-24,-23,-12,-24,-30,-12,-111,-118,-124,-49,-45,-27,-65,-14,-84,-85,-90,-70,-66,-62,-76,-86,-101,-109,-118,-121,-147,-153,-160,-120,-345,-340,-338,-338,-334,-342,-334,-336,-344,-339,-338,-339,-341,-342]} 1. Nf3 d5 2. e3 Nf6 3. Be2 c5 4. d4 Nc6 5. O-O Bg4 6. Nbd2 e6 7. c3 Rc8 8. h3 Bh5 9. Ne5 Bxe2 10. Qxe2 Be7 11. f4 O-O 12. Ndf3 Ne4 13. Kh2 Qc7 14. Nd2 Nf6 15. g3 Bd6 16. Qg2 b5 17. g4 Ne7 18. g5 Nd7 19. Nxd7 Qxd7 20. dxc5 Bxc5 21. e4 Rfd8 22. Nb3 dxe4 23. Qxe4 Nf5 24. Bd2 Qxd2+ 25. Nxd2 Rxd2+ 26. Qg2 Rxg2+ 27. Kxg2 Ne3+ 28. Kf3 Nxf1 29. Rxf1 Kf8 30. Rd1 Ke7 0-1

[Event "Thüringenliga 2025/26"]
[Site "?"]
[Date "2026.03.29"]
[Round "8.2"]
[White "Ziganshin, Ainur"]
[Black "Kachel, Alfred"]
[Result "1-0"]
[WhiteElo "2234"]
[BlackElo "1835"]
[WhiteFideId "-1"]
[BlackFideId "-1"]
[PlyCount "120"]
[GameId "2296309795000478"]
[EventDate "2025.09.14"]
[EventType "team-tourn"]
[EventRounds "9"]
[SourceTitle "Thueringer Schachbund"]
[Source "ThSB"]
[SourceDate "2025.09.14"]
[SourceVersion "1"]
[SourceVersionDate "2025.09.14"]
[SourceQuality "1"]
[WhiteTeam "Ilmenauer SV"]
[BlackTeam "SC Rochade Leinefelde"]

{[%evp 0,120,22,32,42,60,68,67,61,62,50,63,41,31,29,52,47,23,44,64,112,86,103,81,142,19,156,133,150,142,138,147,144,118,98,37,40,23,52,18,62,84,58,71,63,72,84,101,92,110,110,66,103,102,138,94,101,111,119,130,136,113,105,106,196,95,109,112,110,103,127,121,120,111,151,106,144,128,140,141,157,122,127,130,131,144,131,113,110,105,128,144,159,151,159,159,161,160,148,148,187,216,314,328,363,244,341,298,302,298,275,312,285,349,555,593,615,638,687,703,759,756,923]} 1. e4 d5 2. exd5 Qxd5 3. Nc3 Qd6 4. d4 Nf6 5. Nf3 a6 6. g3 Nc6 7. Bg2 Bg4 8. h3 Bh5 9. O-O Bxf3 10. Bxf3 e6 11. Bf4 Qd7 12. Re1 Bd6 13. d5 Nd8 14. Bg5 O-O 15. Bxf6 gxf6 16. Qd4 f5 17. g4 e5 18. Qd2 Kh8 19. Kh1 e4 20. Bg2 f6 21. gxf5 Qxf5 22. Nxe4 Bf4 23. Qb4 Nf7 24. Ng3 Qg5 25. Re4 Bd6 26. Qb3 h5 27. h4 Qg6 28. Qf3 Bxg3 29. Qxg3 Qxg3 30. fxg3 Ne5 31. Rf1 Rad8 32. Rd4 Kg7 33. c4 b6 34. Bh3 Kf7 35. Rf5 Kg6 36. Kg2 Rd6 37. Rf2 a5 38. b3 Re8 39. Re4 Red8 40. a3 Kg7 41. Be6 Nd3 42. Rfe2 Ne5 43. b4 axb4 44. axb4 Ra8 45. c5 bxc5 46. bxc5 Rdd8 47. Rb4 Rdb8 48. Rxb8 Rxb8 49. c6 Nc4 50. Ra2 Nd6 51. Ra7 Rb2+ 52. Kf1 Rb1+ 53. Kf2 Rb2+ 54. Ke1 Rb1+ 55. Kd2 Nb5 56. Rb7 Rb2+ 57. Kc1 Rb3 58. d6 Rc3+ 59. Kb2 Rxc6 60. d7 Rd6 1-0

[Event "Thüringenliga 2025/26"]
[Site "?"]
[Date "2026.03.29"]
[Round "8.3"]
[White "Körner, Jonas"]
[Black "Liedmann, Matthias"]
[Result "0-1"]
[WhiteElo "1880"]
[BlackElo "2049"]
[WhiteFideId "-1"]
[BlackFideId "-1"]
[PlyCount "66"]
[GameId "2296309795037343"]
[EventDate "2025.09.14"]
[EventType "team-tourn"]
[EventRounds "9"]
[SourceTitle "Thueringer Schachbund"]
[Source "ThSB"]
[SourceDate "2025.09.14"]
[SourceVersion "1"]
[SourceVersionDate "2025.09.14"]
[SourceQuality "1"]
[WhiteTeam "SC Rochade Leinefelde"]
[BlackTeam "Ilmenauer SV"]

{[%evp 0,66,22,22,22,9,45,4,16,-5,2,-2,3,16,20,-11,15,19,5,19,24,22,28,18,2,2,7,16,12,13,43,16,17,-36,-41,-9,-20,-78,1,0,0,14,18,9,-11,-12,-12,-11,-9,-74,-65,-74,-74,-66,-65,-49,-50,-204,-211,-273,-291,-299,-302,-298,-295,-307,-310,-329,-323]} 1. Nf3 d5 2. e3 Bg4 3. Be2 Nf6 4. c4 e6 5. O-O Nbd7 6. Nc3 c6 7. b3 Bd6 8. Bb2 O-O 9. h3 Bh5 10. d4 Qe7 11. Ne5 Bxe2 12. Nxe2 Rad8 13. Qc2 Rfe8 14. Rad1 Nf8 15. Kh1 Ng6 16. f4 Ne4 17. Nxg6 hxg6 18. Rf3 Bb8 19. Nc3 Nd6 20. Ba3 Qh4 21. Bxd6 Bxd6 22. Qf2 Qxf2 23. Rxf2 Bb4 24. Rc1 dxc4 25. bxc4 c5 26. Rd2 cxd4 27. Rxd4 Bc5 28. Ne2 Bxd4 29. Nxd4 e5 30. fxe5 Rxe5 31. Rc3 Rde8 32. Nc2 Rc5 33. Na3 Rd8 0-1

[Event "Thüringenliga 2025/26"]
[Site "?"]
[Date "2026.03.29"]
[Round "8.4"]
[White "Nowak, Thomas"]
[Black "Meitzner, Johan Eduard"]
[Result "1-0"]
[WhiteElo "2005"]
[BlackElo "1654"]
[WhiteFideId "-1"]
[BlackFideId "-1"]
[PlyCount "83"]
[GameId "2296309795074208"]
[EventDate "2025.09.14"]
[EventType "team-tourn"]
[EventRounds "9"]
[SourceTitle "Thueringer Schachbund"]
[Source "ThSB"]
[SourceDate "2025.09.14"]
[SourceVersion "1"]
[SourceVersionDate "2025.09.14"]
[SourceQuality "1"]
[WhiteTeam "Ilmenauer SV"]
[BlackTeam "SC Rochade Leinefelde"]

{[%evp 0,83,22,22,23,14,8,-11,74,30,-19,-13,-24,-26,-15,-6,-5,-16,-17,-27,11,-20,17,-11,7,-24,25,-4,-3,-3,0,5,5,-3,-4,-34,-26,-58,244,48,162,152,152,165,163,192,171,156,198,187,199,218,196,86,135,201,204,204,401,375,395,381,359,318,334,302,300,229,268,278,506,496,528,467,599,396,621,728,29989,29990,29991,29992,29997,29998,29999,29999]} 1. d4 Nf6 2. Nc3 d5 3. f3 Bf5 4. e4 dxe4 5. g4 Bg6 6. g5 Nd5 7. Nxe4 e6 8. Ne2 Nc6 9. h4 Bf5 10. a3 Nb6 11. c3 Bd6 12. Bf4 Qd7 13. Bxd6 cxd6 14. N2g3 O-O-O 15. a4 a6 16. a5 Nd5 17. b4 Qc7 18. Qb3 Rd7 19. Kf2 Re8 20. Nxf5 exf5 21. Qxd5 fxe4 22. Bh3 e3+ 23. Kg2 Kd8 24. Bxd7 Qxd7 25. b5 Ne7 26. Qb3 axb5 27. a6 bxa6 28. Rxa6 Qb7 29. Rxd6+ Kc7 30. Qxf7 Kxd6 31. Qxe8 Qa6 32. Qb8+ Kd7 33. Qe5 Qa2+ 34. Kh3 Qf2 35. Qxb5+ Kd8 36. Qb8+ Kd7 37. Qg3 Qd2 38. Ra1 e2 39. Ra7+ Ke8 40. Qe5 e1=R 41. Rxe7+ Kd8 42. Qc7# 1-0

[Event "Thüringenliga 2025/26"]
[Site "?"]
[Date "2026.03.29"]
[Round "8.5"]
[White "Frank, Thomas"]
[Black "Jung, Timo"]
[Result "1-0"]
[WhiteElo "1831"]
[BlackElo "1607"]
[WhiteFideId "-1"]
[BlackFideId "-1"]
[PlyCount "85"]
[GameId "2296309795111073"]
[EventDate "2025.09.14"]
[EventType "team-tourn"]
[EventRounds "9"]
[SourceTitle "Thueringer Schachbund"]
[Source "ThSB"]
[SourceDate "2025.09.14"]
[SourceVersion "1"]
[SourceVersionDate "2025.09.14"]
[SourceQuality "1"]
[WhiteTeam "SC Rochade Leinefelde"]
[BlackTeam "Ilmenauer SV"]

{[%evp 0,85,22,22,53,80,61,39,44,40,37,37,43,53,52,26,49,47,47,48,67,43,30,31,43,36,32,32,43,46,56,46,49,41,56,20,42,59,64,63,107,80,116,110,102,76,138,113,177,181,246,339,388,543,599,597,573,581,593,599,623,616,666,618,683,691,692,700,698,698,805,830,902,951,1120,1144,1121,1187,1221,1305,29989,1144,29993,1360,1531,1601,29999,29999]} 1. d4 c5 2. d5 Nf6 3. c4 g6 4. Nc3 Bg7 5. e4 O-O 6. Bd3 d6 7. Nge2 e6 8. f3 exd5 9. cxd5 a6 10. a4 Nbd7 11. O-O Qc7 12. Be3 Ne5 13. Bc2 Nc4 14. Bc1 Rb8 15. b3 Ne5 16. a5 c4 17. b4 b5 18. Be3 Kh8 19. Qd2 Ng8 20. h3 Qe7 21. Nd4 Bb7 22. Rae1 Ba8 23. g4 Qh4 24. Kg2 Bh6 25. g5 Bg7 26. Bf2 Qh5 27. Bd1 Nd3 28. f4 Nxe1+ 29. Rxe1 Qxd1 30. Rxd1 Rfe8 31. Re1 Rbc8 32. f5 Be5 33. Nf3 f6 34. Nxe5 dxe5 35. fxg6 hxg6 36. gxf6 Nxf6 37. Qh6+ Nh7 38. Bg3 Rc7 39. Rf1 Rg7 40. Rf6 g5 41. Rf5 Kg8 42. Bxe5 g4 43. Qxg7# 1-0

[Event "Thüringenliga 2025/26"]
[Site "?"]
[Date "2026.03.29"]
[Round "8.6"]
[White "Schenk, Stefan"]
[Black "Hellrung, Bernhard"]
[Result "1/2-1/2"]
[WhiteElo "1930"]
[BlackElo "1730"]
[WhiteFideId "-1"]
[BlackFideId "-1"]
[PlyCount "72"]
[GameId "2296309795147938"]
[EventDate "2025.09.14"]
[EventType "team-tourn"]
[EventRounds "9"]
[SourceTitle "Thueringer Schachbund"]
[Source "ThSB"]
[SourceDate "2025.09.14"]
[SourceVersion "1"]
[SourceVersionDate "2025.09.14"]
[SourceQuality "1"]
[WhiteTeam "Ilmenauer SV"]
[BlackTeam "SC Rochade Leinefelde"]

{[%evp 0,72,22,18,83,75,64,58,58,61,54,69,52,44,45,40,19,-3,34,-23,76,-29,-37,4,-28,-25,0,-20,12,18,13,-7,18,-8,-12,22,113,86,132,115,177,147,143,118,140,116,111,110,116,113,127,85,110,90,102,84,109,85,105,52,96,31,32,30,28,28,111,34,32,32,24,37,37,37,37]} 1. e4 d6 2. d4 Nf6 3. Nc3 Nbd7 4. f4 e5 5. Nf3 exd4 6. Qxd4 c6 7. e5 dxe5 8. fxe5 Bc5 9. Qc4 Nd5 10. Bg5 Qa5 11. Bd2 Bb4 12. Bd3 Nc5 13. O-O Nxd3 14. Qxd3 Nxc3 15. bxc3 Bc5+ 16. Kh1 h6 17. Nd4 Bxd4 18. cxd4 Qc7 19. c4 g6 20. d5 Bf5 21. Qg3 O-O-O 22. Rac1 Kb8 23. Bb4 c5 24. Bc3 Rhe8 25. Qf4 h5 26. Rf2 Ka8 27. Re1 Rd7 28. Rfe2 a6 29. Qd2 Ka7 30. Qb2 Bd3 31. e6 fxe6 32. Rxe6 Rf8 33. Be5 Qa5 34. Bc3 Qc7 35. Be5 Qa5 36. Bc3 Qc7 1/2-1/2

[Event "Thüringenliga 2025/26"]
[Site "?"]
[Date "2026.03.29"]
[Round "8.7"]
[White "Pfitzenreuter, Gerald"]
[Black "Ortlepp, Steffen"]
[Result "1/2-1/2"]
[WhiteElo "1852"]
[BlackElo "1813"]
[WhiteFideId "-1"]
[BlackFideId "-1"]
[PlyCount "32"]
[GameId "2296309795184803"]
[EventDate "2025.09.14"]
[EventType "team-tourn"]
[EventRounds "9"]
[SourceTitle "Thueringer Schachbund"]
[Source "ThSB"]
[SourceDate "2025.09.14"]
[SourceVersion "1"]
[SourceVersionDate "2025.09.14"]
[SourceQuality "1"]
[WhiteTeam "SC Rochade Leinefelde"]
[BlackTeam "Ilmenauer SV"]

{[%evp 0,32,22,22,22,5,35,22,78,22,26,32,29,33,49,42,52,37,45,48,40,24,32,14,8,15,16,15,19,8,7,9,24,26,20]} 1. d4 Nf6 2. c4 g6 3. Nc3 d5 4. Bf4 Bg7 5. e3 O-O 6. Nf3 c6 7. Be2 Nbd7 8. O-O dxc4 9. Bxc4 Nb6 10. Be2 Nbd5 11. Bg3 Nxc3 12. bxc3 Ne4 13. Qc2 Bf5 14. Bd3 Nxg3 15. hxg3 Bxd3 16. Qxd3 Qc7 1/2-1/2